000 02195cam a22003734a 4500
999 _c27115
_d27115
001 14356114
005 20170207121935.0
008 060427s2006 caua bc 001 0 eng
010 _a 2006014159
020 _a0892368624 (pbk.)
020 _a9780892368624 (pbk.)
035 _a(OCoLC)ocm67978835
035 _a(OCoLC)67978835
050 0 0 _aNC257 .B27B76 2006
100 1 _aBrooks, Julian,
_d1969-
245 1 0 _aGuercino :
_bmind to paper /
_cJulian Brooks with the assistance of Nathaniel E. Silver.
260 _aLos Angeles :
_bJ. Paul Getty Museum,
_cc2006.
300 _avii, 103 p. :
_bill. (some col.) ;
_c28 cm.
500 _a"This catalogue was published to accompany the exhibition Guercino: mind to paper held at the J. Paul Getty Museum, Los Angeles, October 17, 2006, to January 21, 2007, and at the Courauld Institute of Art Gallery, London, February 22 to May 13, 2007"--T.p. verso.
504 _aIncludes bibliographical references (p. 96-100) and index.
505 0 _aGuercino's life -- The Casa Gennari and the provenance of Sir Robert Witt's drawings -- Characterizing Guercino's draftsmanship -- Inventiveness and process -- Energy and spontaneity -- Texture, shadow, light, and space -- Humor and humanity -- Catalogue.
600 0 0 _aGuercino,
_d1591-1666
_xCriticism and interpretation.
600 0 0 _aGuercino,
_d1591-1666
_vExhibitions.
700 1 _aSilver, Nathaniel E.
856 4 1 _3Table of contents only
_uhttp://www.loc.gov/catdir/toc/ecip0613/2006014159.html
856 4 2 _3Contributor biographical information
_uhttp://www.loc.gov/catdir/enhancements/fy0723/2006014159-b.html
856 4 2 _3Publisher description
_uhttp://www.loc.gov/catdir/enhancements/fy0723/2006014159-d.html
942 _2lcc
_cBOOKS